000 00826nam a2200229 a 4500
001 64323
003 BD-RjUL
005 20211209081307.0
008 170213s1954 enk 000 0 eng
035 _a(BD-RjUL)64453
040 _aDLC
_cCarP
_dBD-RjUL
_beng
041 _aeng
082 _223
_a880.82
_bWIC 1954
100 1 _aWilding, Longworth Allen,
_d1902- [from old catalog]
_9190974
245 1 2 _aA classical anthology :
_ba selection from the Greek and Roman literatures /
_cL A Wilding and Richard William Longworth Wilding
260 _aLondon :
_bFaber and Faber,
_c1954.
300 _a331 p. ;
_c21 cm.
650 0 _aGreek literature
_xLatin literature
_9190975
700 1 _aWilding, Richard William Longworth,
_d1929- [from old catalog]
_ejoint ed. and tr.
_9190976
942 _2ddc
_cBK
999 _c64323
_d64323